Fr. Conceicao Rodrigues College of Engineering

Mastering Blockchain (Record no. 26013)

MARC details
000 -LEADER
fixed length control field 00353nam a2200181Ia 4500
082 ## - DEWEY DECIMAL CLASSIFICATION NUMBER
Item number BAS
100 ## - MAIN ENTRY--PERSONAL NAME
Personal name Bashir/Imran
250 ## - EDITION STATEMENT
Edition statement 3
245 ## - TITLE STATEMENT
Title Mastering Blockchain
260 ## - PUBLICATION, DISTRIBUTION, ETC.
Name of publisher, distributor, etc. PACKT
Date of publication, distribution, etc. 2020
366 ## - TRADE AVAILABILITY INFORMATION
Publishers's discount category 23
300 ## - PHYSICAL DESCRIPTION
Extent 788
546 ## - LANGUAGE NOTE
Language note ENGLISH
650 ## - SUBJECT ADDED ENTRY--TOPICAL TERM
Topical term or geographic name entry element Block chain
654 ## - SUBJECT ADDED ENTRY--FACETED TOPICAL TERMS
Focus term mastering blockchain
942 ## - ADDED ENTRY ELEMENTS (KOHA)
Koha item type Reference Book
Holdings
Withdrawn status Lost status Damaged status Not for loan Collection Home library Current library Date acquired Source of acquisition Cost, normal purchase price Inventory number Total Checkouts Total Renewals Full call number Barcode Date last seen Date last checked out Cost, replacement price Price effective from Koha item type
        CRC Fr. Agnel's C.Rodrigues College of Engineering Fr. Agnel's C.Rodrigues College of Engineering 17/03/2023 A.O enterprises 2925.23 378 dt 30.08.2022 1 1 BAS 25979 15/06/2026 24/09/2025 3799.00   Reference Book
        CRC Fr. Agnel's C.Rodrigues College of Engineering Fr. Agnel's C.Rodrigues College of Engineering 17/03/2023 A.O enterprises 2925.23 378 dt 30.08.2022     25980 17/03/2023   3799.00   Reference Book